000 00417nam a2200133Ia 4500
008 151015s9999 xx 000 0 und d
020 _a9966992545
050 _aQA76.6.I976 2005
245 _aInjendi,Gerald
250 _a_Computer Programming Theory and practice Gerald Injendi
300 _aEldoret Zapf chancery Research Consultants 2005
650 _a_computer programming
700 _a^d20101210 10:40:30^oanne
999 _c308
_d308